[Event "IBCA EU-chT blind 03rd"]
[Site "Genova"]
[Date "2023.04.20"]
[Round "1.4"]
[White "Dyballa, Gerhard"]
[Black "Pezzolato, Erica"]
[Result "1/2-1/2"]
[WhiteElo "1912"]
[BlackElo "1453"]
[PlyCount "107"]
[EventDate "2023.04.20"]
[EventType "team-swiss"]
[EventRounds "9"]
[EventCountry "ITA"]
[SourceTitle "CBM 213 Extra"]
[Source "ChessBase"]
[SourceDate "2023.05.31"]
[SourceVersion "1"]
[SourceVersionDate "2023.05.31"]
[SourceQuality "1"]
[WhiteTeam "Germany"]
[BlackTeam "Italy"]
[WhiteTeamCountry "GER"]
[BlackTeamCountry "ITA"]

1. c4 Nf6 2. Nc3 g6 3. g3 Bg7 4. Bg2 0-0 5. Nf3 d6 6. d4 Bd7 7. 0-0 Qc8 8. Bg5 h6 9. Bxf6 Bxf6 10. Nd5 Kg7 11. Qd2 Rh8 12. e4 c6 13. Nxf6 Kxf6 14. Rfe1 Na6 15. e5+ Kg7 16. exd6 exd6 17. Qf4 Qf8 18. Nd2 Nc7 19. Ne4 Ne8 20. Rac1 Rd8 21. b4 Bf5 22. d5 c5 23. a3 b6 24. b5 Bxe4 25. Qxe4 Nf6 26. Qc2 Re8 27. Qc3 Rxe1+ 28. Rxe1 Qd8 29. a4 Kh7 30. Ra1 Re8 31. a5 Ng4 32. h3 Qf6 33. Qxf6 Nxf6 34. axb6 axb6 35. Ra7 Kg7 36. Rb7 Re1+ 37. Kh2 Rc1 38. Rxb6 Rxc4 39. Rxd6 Rb4 40. b6 c4 41. Rc6 c3 42. Rxc3 Rxb6 43. Rd3 Rd6 44. g4 Kf8 45. Kg3 Ne8 46. Kf4 f6 47. Rc3 Ke7 48. Be4 Kf7 49. Ke3 g5 50. f4 Ke7 51. fxg5 hxg5 52. Kd4 Ng7 53. Rc7+ Rd7 54. Rxd7+ 1/2-1/2

[Event "GER-ch 92nd"]
[Site "Magdeburg"]
[Date "2021.07.31"]
[Round "9"]
[White "Laux, Dominik"]
[Black "Dyballa, Gerhard"]
[Result "1-0"]
[WhiteElo "2085"]
[BlackElo "1960"]
[PlyCount "107"]
[EventDate "2021.07.25"]
[EventType "swiss"]
[EventRounds "9"]
[EventCountry "GER"]
[SourceTitle "CBM 203 Extra"]
[Source "ChessBase"]
[SourceDate "2021.09.30"]
[SourceVersion "1"]
[SourceVersionDate "2021.09.30"]
[SourceQuality "1"]

1. d4 Nf6 2. Bg5 e6 3. Nd2 d5 4. e3 c5 5. c3 Be7 6. Bd3 0-0 7. f4 b6 8. Ngf3 Bb7 9. Ne5 Nbd7 10. Qf3 Nxe5 11. fxe5 Nd7 12. Bxe7 Qxe7 13. Qh3 g6 14. 0-0 f6 15. exf6 Rxf6 16. Rxf6 Qxf6 17. Nf3 Rf8 18. Qg3 c4 19. Bc2 e5 20. Ba4 e4 21. Nd2 Bc6 22. Rf1 Qe6 23. Rxf8+ Nxf8 24. Bd1 Bd7 25. h4 a5 26. Nf1 Kh8 27. Qg5 Qd6 28. Ng3 Kg7 29. Nh5+ Kh8 30. Nf4 Bf5 31. g4 Be6 32. Qf6+ Kg8 33. Ba4 h5 34. gxh5 gxh5 35. Qg5+ Kf7 36. Qxh5+ Ke7 37. Qg5+ Kf7 38. h5 Qe7 39. Qxe7+ Kxe7 40. Kf2 Nh7 41. Kg3 Nf6 42. Bd1 b5 43. Nxe6 Kxe6 44. Bg4+ Kf7 45. Kf4 b4 46. Bd1 Ke6 47. h6 Nh7 48. Bg4+ Kf6 49. Bf5 Ng5 50. h7 Nf7 51. Bg4 Nh8 52. Bh5 a4 53. a3 b3 54. Kg4 1-0

[Event "Moehnesee Cup-A 37th"]
[Site "Moehnesee"]
[Date "2011.09.01"]
[Round "1"]
[White "Meijers, Viesturs"]
[Black "Dyballa, Gerhard"]
[Result "1-0"]
[WhiteElo "2492"]
[BlackElo "1997"]
[PlyCount "55"]
[EventDate "2011.09.01"]
[EventType "swiss"]
[EventRounds "7"]
[EventCountry "GER"]
[SourceTitle "EXT 2013"]
[Source "ChessBase"]
[SourceDate "2012.11.22"]
[SourceVersion "1"]
[SourceVersionDate "2012.11.22"]
[SourceQuality "1"]

1. d4 Nf6 2. Bg5 Ne4 3. Bf4 d5 4. f3 Nf6 5. Nc3 Bf5 6. g4 Bg6 7. h4 h5 8. g5 Ng8 9. e4 e6 10. exd5 exd5 11. Qe2+ Ne7 12. Nb5 Na6 13. Bh3 f5 14. gxf6 gxf6 15. 0-0-0 Bh6 16. Bxh6 Rxh6 17. Qe3 Rh8 18. Ne2 c6 19. Nf4 Bf7 20. Nc3 Qd6 21. Rhg1 Kd8 22. Rg7 Rf8 23. Re1 Nc7 24. Rh7 f5 25. Nxh5 Kd7 26. Qg5 Be6 27. Nf6+ Kd8 28. Qg7 1-0

[Event "Moehnesee Cup 36th"]
[Site "Moehnesee"]
[Date "2010.08.28"]
[Round "5"]
[White "Koenig, Christian"]
[Black "Dyballa, Gerhard"]
[Result "1-0"]
[WhiteElo "2111"]
[BlackElo "1992"]
[PlyCount "61"]
[EventDate "2010.08.26"]
[EventType "swiss"]
[EventRounds "7"]
[EventCountry "GER"]
[SourceTitle "EXT 2011"]
[Source "ChessBase"]
[SourceDate "2010.11.26"]
[SourceVersion "1"]
[SourceVersionDate "2010.11.26"]
[SourceQuality "1"]

1. e4 e6 2. d4 d5 3. Nc3 Bb4 4. e5 c5 5. a3 Bxc3+ 6. bxc3 Ne7 7. Qg4 0-0 8. Bd3 Qa5 9. Bd2 Nbc6 10. Nf3 f5 11. Qh3 Qa4 12. Rg1 cxd4 13. g4 Ng6 14. gxf5 exf5 15. Rxg6 hxg6 16. Ng5 Rf7 17. Qh7+ Kf8 18. Nxf7 Kxf7 19. Bh6 Nxe5 20. Qxg7+ Ke6 21. Qg8+ Kd6 22. Bf4 dxc3 23. Qxg6+ Be6 24. Bxe5+ Kxe5 25. Kf1 Kd6 26. Re1 Re8 27. Bxf5 Qb5+ 28. Kg1 Qd7 29. Qg3+ Kc6 30. Qxc3+ Kd6 31. Qe5+ 1-0

[Event "Moehnesee Cup 36th"]
[Site "Moehnesee"]
[Date "2010.08.26"]
[Round "1"]
[White "Dyballa, Gerhard"]
[Black "Roos, Thomas"]
[Result "1/2-1/2"]
[WhiteElo "1992"]
[BlackElo "2215"]
[PlyCount "82"]
[EventDate "2010.08.26"]
[EventType "swiss"]
[EventRounds "7"]
[EventCountry "GER"]
[SourceTitle "EXT 2011"]
[Source "ChessBase"]
[SourceDate "2010.11.26"]
[SourceVersion "1"]
[SourceVersionDate "2010.11.26"]
[SourceQuality "1"]

1. c4 d6 2. Nc3 e5 3. g3 f5 4. Bg2 Nf6 5. d4 Nbd7 6. Nf3 Be7 7. Ng5 Nf8 8. dxe5 dxe5 9. Qxd8+ Bxd8 10. Be3 c6 11. Rd1 Be7 12. Nf3 Ng4 13. Bg5 e4 14. Bxe7 Kxe7 15. Nd4 e3 16. Rd3 exf2+ 17. Kf1 Ne5 18. Re3 Kf6 19. b3 g5 20. Nf3 Nfg6 21. h4 gxh4 22. Nxe5 Nxe5 23. Rxh4 Be6 24. Rh6+ Ng6 25. Kxf2 Rad8 26. Na4 Rd2 27. Nc5 Bc8 28. a3 Ra2 29. a4 Ra3 30. Rc3 Kg5 31. Rh1 Ra2 32. Nd3 h5 33. Bf3 h4 34. gxh4+ Rxh4 35. Rxh4 Nxh4 36. Rc1 Ra3 37. Rg1+ Kf6 38. Rb1 Kg5 39. Rg1+ Kf6 40. Rb1 Kg5 41. Rg1+ Kf6 1/2-1/2

[Event "Dortmund op-B"]
[Site "Dortmund"]
[Date "2009.07.12"]
[Round "9"]
[White "Stoer, Agnes"]
[Black "Dyballa, Gerhard"]
[Result "1/2-1/2"]
[WhiteElo "1877"]
[BlackElo "1996"]
[PlyCount "34"]
[EventDate "2009.07.04"]
[EventType "swiss"]
[EventRounds "9"]
[EventCountry "GER"]
[SourceTitle "EXT 2012"]
[Source "ChessBase"]
[SourceDate "2011.11.24"]
[SourceVersion "1"]
[SourceVersionDate "2011.11.24"]
[SourceQuality "1"]

1. e4 e6 2. Qe2 c5 3. Nf3 Nc6 4. g3 Be7 5. Bg2 d5 6. e5 f5 7. d3 Bd7 8. Nc3 Nd4 9. Nxd4 cxd4 10. Nd1 Rc8 11. c3 Bc5 12. h4 Bc6 13. g4 Ne7 14. g5 g6 15. h5 Kd7 16. b4 Bb6 17. a4 a6 1/2-1/2

[Event "Dortmund op-A"]
[Site "Dortmund"]
[Date "2007.07.01"]
[Round "9"]
[White "Dyballa, Gerhard"]
[Black "Bluebaum, Johanna"]
[Result "1-0"]
[WhiteElo "2046"]
[BlackElo "1936"]
[PlyCount "53"]
[EventDate "2007.06.22"]
[EventType "swiss"]
[EventRounds "9"]
[EventCountry "GER"]
[SourceTitle "EXT 2008"]
[Source "ChessBase"]
[SourceDate "2007.11.25"]
[SourceVersion "1"]
[SourceVersionDate "2007.11.25"]
[SourceQuality "1"]

1. c4 Nf6 2. Nc3 c5 3. g3 e6 4. Nf3 d5 5. cxd5 exd5 6. d4 h6 7. Bg2 Be6 8. 0-0 Nc6 9. Bf4 Nh5 10. Be3 b6 11. Qa4 Bd7 12. Nxd5 Nxd4 13. Qd1 Bc6 14. Nxd4 Bxd5 15. Nc6 Bxc6 16. Bxc6+ Ke7 17. Bxa8 Qxa8 18. Qd3 Qc8 19. Rad1 Ke8 20. Qb5+ Ke7 21. Rd5 g6 22. Rfd1 Kf6 23. b4 Kg7 24. bxc5 bxc5 25. Bxc5 Bxc5 26. Rxc5 Qh3 27. Qd7 1-0